00341nam a2200097Ia 4500008004100000245006400041245004000105260000900145650003800154856005100192171204s9999 xx 000 0 und d aHomegrown Herb Garden: A Guide to Growing and Culinary Uses cAnn McCormick and Lisa Baker Morgan c2015 xCulinary Arts & Sciences with Lab uhttp://down.ebook777.com/012/9781592539826.pdf